Normal view
MARC view
- Khan, Ihsan Ullah
Entry Personal Name
001 - CONTROL NUMBER
- control field: 29268
003 - CONTROL NUMBER IDENTIFIER
- control field: NUST
005 - DATE AND TIME OF LATEST TRANSACTION
- control field: 20200805135700.0
008 - FIXED-LENGTH DATA ELEMENTS
- fixed length control field: 200805|| aca||aabn | a|a d
040 ## - CATALOGING SOURCE
- Original cataloging agency: NUST
- Transcribing agency: NUST
100 ## - HEADING--PERSONAL NAME
- Personal name: Khan, Ihsan Ullah
670 ## - SOURCE DATA FOUND
- Source citation: Work cat.: (NUST): Khan, Ihsan Ullah, An investigation of vehicle travel characteristics on rural arterials of Pakistan /, 2015.
